000 00731nmc a2200253 a 4500
003 AR-BaBNM
005 20251128202703.0
008 245020s1971 ||||||||||||||000 | spa||
040 _cAR-BaBNM
100 1 _aSamet de Baranchuk, Cecilia
245 1 0 _aCómo enseñar a los niños a escribir con buena letra
250 _a1ª ed.
260 _aBuenos Aires
_bPaidós
_c1971
300 0 _a73 p.
490 0 _aBiblioteca del educador contemporáneo. Serie menor
_vv. 140
650 4 _aHISTORIA DE LA ESCRITURA
650 4 _aENSENANZA DE LA ESCRITURA
650 4 _aCALIGRAFIA
653 _aENSENANZA DE LA LENGUA
800 1 _aRomero Brest, Gilda L. de
800 1 _aBernstein, Jaime
942 _cBK
998 _cme-solo cat
999 _c129
_d129